Sanat - "Olipa kerran" - Statistics

Yleistilastot
  • Tätä visaa on pelattu 2 kertaa
  • Keskiarvotulos 10 / 75
Vastaustilastot
Vastaus % Oikein
kerran
100%
ilkee
50%
ja
50%
ja
50%
ja
50%
ja
50%
ja
50%
jalat
50%
lensi
50%
peikko
50%
se
50%
Tään
50%
Tanskaan
50%
vaan
50%
vaan
50%
vanha
50%
Yks
50%
ylsi
50%
Afrikkaan
0%
eivät
0%
hääri
0%
hän
0%
häntä
0%
He
0%
he
0%
hehkui
0%
heille
0%
heitti
0%
iljetyksen
0%
ilmapurrellaan
0%
ilmapurrellaan
0%
jäivät
0%
kai
0%
kanssa
0%
kauaa
0%
kaukaisiin
0%
kokkas
0%
kuin
0%
kun
0%
lähti
0%
lailla
0%
lantut
0%
lantut
0%
lentelemään
0%
maan
0%
maihin
0%
matami
0%
matkansa
0%
matkas
0%
nenäs
0%
niin
0%
pää
0%
päällä
0%
päätti
0%
panna
0%
peikon
0%
pötkölleen
0%
pysyneetkään
0%
riippumattoon
0%
ruokaa
0%
Saksaan
0%
sen
0%
sen
0%
sen
0%
suuntas
0%
syylä
0%
tatami
0%
tuulen
0%
tuuliin
0%
uuniin
0%
vanhan
0%
venyi
0%
viilettivät
0%
vispas
0%
vuokaan
0%
Ehtoja vastaavia visoja ei löytynyt
Tulosjakauma
Jokaisen tuloksen saaneiden osuus
Persentiili vastausten määrän mukaan
Tuloshistoriasi
Et ole pelannut tätä visaa